000 00770nam a2200241 a 4500
008
020 _a0750656190 (pbk.)
049 _aMAIN
090 _aT58.64
_bSTR
245 1 0 _aStrategic information management :
_bchallenges and strategies in managing information systems /
_cedited by Robert D. Galliers and Dorothy E. Leidner.
250 _a3rd ed.
260 _aAmsterdam :
_bElservier,
_c2003.
300 _axi, 625 p. :
_bill. ;
_c24 cm.
500 _aIncludes index.
650 1 _aInformation management.
700 _aGalliers, Robert D.
700 _aDorothy, E. Leidner.
907 _a.b10272719
_b10-03-10
_c10-02-10
003
005 20230123125007.0
040 _cNUST
942 _cBOOKS
_kT58.64
_mSTR
999 _c133859
_d133859